000
00234nam a2200109Ia 4500
008
240625s9999 xx 000 0 und d
041
_a
eng
082
_a
423 OXF
100
_a
OXFORD
245
_a
BUSINESS ENGLISH PLUS
260
_c
2005
999
_c
33673
_d
33673